000 00561nam a2200169 a 4500
001 000047192
005 20201002053431.0
008 180424s2002 dr a 000 0 spa d
040 _aDO-SdBNP
_bspa
_cBNPHU
082 _axxx
_bA185m, 6to., 2002
100 1 _aAcosta, Nelgia Altagracia
_937803
245 1 0 _aMatemática 6 :
_beducación básica /
_cNelgia Altagracia Acosta.
260 _aSanto Domingo :
_bSusaeta,
_bTodoLibro,
_c2002.
300 _a2v. :
_bil. ;
_c28cm.
505 0 _gv.1
_tLibro texto
_gv.2
_tCuaderno matemática
590 _aInventariado, 2018/MFF
999 _c46680
_d46680